Statistics for Ultimate Vampire Diaries Quiz

Click here to take the quiz!

General Stats

  • This quiz has been taken 930 times
    (904 since last reset)
  • The average score is 38 of 71

Answer Stats

Answers% Correct
Elena Gilbert
100%
Damon Salvatore
99%
Stefan Salvatore
99%
Carol Lockwood
97%
Bonnie Bennett
95%
Niklaus Mikaelson
95%
Caroline Forbes
94%
Matt Donovan
94%
Tyler Lockwood
94%
Elijah Mikaelson
93%
Jeremy Gilbert
93%
Rebekah Mikaelson
93%
Katherine Pierce
92%
Alaric Saltzman
91%
Dr. Jo Laughlin
90%
Jenna Sommers
90%
Kol Mikaelson
88%
Sheriff Liz Forbes
88%
Vicki Donovan
84%
Esther Mikaelson
82%
Finn Mikaelson
80%
John Gilbert
80%
Mikael Mikaelson
75%
Isobel Flemming
73%
Enzo
72%
Anna
70%
Amara Petrova
69%
Sheila Bennett
69%
Silas
69%
Mason Lockwood
65%
Abby Bennett
62%
Lexi Branson
61%
Zach Salvatore
60%
Nadia Petrova
59%
Pearl
59%
Lily Salvatore
58%
Rose
58%
Emily Bennett
55%
Hayley Marshall
55%
Bill Forbes
51%
Liv Parker
51%
Dr. Meredith Fell
50%
Luke Parker
50%
Mayor Richard Lockwood
45%
Logan Fell
40%
Giuseppe Salvatore
38%
April Young
36%
Kelly Donovan
34%
Sarah
30%
Qetsiyah
28%
Grayson Gilbert
27%
Trevor
27%
Atticus Shane
23%
Jules
23%
Andie Star
19%
Markos
19%
Aaron Whitmore
17%
Luka Martin
16%
Sage
16%
Marcel Gerard
15%
Greta Martin
13%
Alexander
10%
Dr. Jonas Martin
10%
Harper
8%
Gloria
6%
Frederick
5%
Maddox
4%
Mia
4%
Bethanne
3%
Slator
2%
Alice
1%

Score Distribution

Percentile by Number Answered

Percent of People with Each Score

Your Score History

You have not taken this quiz since the last reset